000
00227 a2200097 4500
001
30814
100
_a
Russell, B
245
_a
Principles of Social Reconstruction
260
_a
London
_b
Allen & Unwin
_c
090
_c
20711
_d
20711
942
_a
NUST-CAE
_c
M
_c
11905
999
_c
265887
_d
265887